000 01879nam a22002657a 4500
999 _c60012
_d60012
003 Ge_BSU
005 20230530145316.0
008 230530s2010 ge ||||| |||| 00| 0 geo d
020 _a97899928829505
041 _ageo
080 _a94(395.3)+39(=353.1) ლ-85
100 _aლორთქიფანიძე, ოთარ
_91433
245 _aძველი საქართველო [კოლხეთი და იბერია] სტრაბონის გეოგრაფიაში (ახალი კომენტარები) :
_bშრომები. ტომი I /
_cრედაქტორები: დარეჯან კაჭარავა , გურამ კვირკველია, ნინო ლორთქიფანიძე; გამომცემლები: ნინო ანდრონიკაშვილი, მაგდა ცოცხალაშვილი, მაია წულუკიძე, ირაკლი ხუციშვილი.
264 _aთბილისი :
_bდაიბეჭდა შპს "ფავორიტი პრინტში" ,
_c2010.
300 _a296გვ.;
_b+ რუკა.
_c24 სმ.
501 _aსაძიებელი გვ. 282-296
504 _aბიბლიოგრ. გვ. 250-282
653 _aკოლხეთის ისტორია სტრაბონის მიხედვით
653 _aკოლხეთის გეოგრაფია.
653 _aშრომები
700 _aკაჭარავა, დარეჯან
_eრედაქტორი
_918309
700 _aკვირკველია, გურამ
_eრედაქტორი.
_918310
700 _aლორთქიფანიძე , ნინო
_eრედაქტორი
_917544
942 _2udc
_cBK